Harris' shock and vibration handbook / (Record no. 61112)

000 -LEADER
fixed length control field 01584cam a22003614a 4500
001 - CONTROL NUMBER
control field 12466962
003 - CONTROL NUMBER IDENTIFIER
control field NUST-PNEC
005 - DATE AND TIME OF LATEST TRANSACTION
control field 20170116180715.0
008 - FIXED-LENGTH DATA ELEMENTS--GENERAL INFORMATION
fixed length control field 010712s2002 nyua f 001 0 eng
010 ## - LIBRARY OF CONGRESS CONTROL NUMBER
LC control number 2001044228
020 ## - INTERNATIONAL STANDARD BOOK NUMBER
International Standard Book Number 0071370811
040 ## - CATALOGING SOURCE
Transcribing agency PNEC
042 ## - AUTHENTICATION CODE
Authentication code pcc
050 00 - LIBRARY OF CONGRESS CALL NUMBER
Classification number TA355
Item number .H35 2002
082 00 - DEWEY DECIMAL CLASSIFICATION NUMBER
Classification number 620.3 HAR
Edition number 21
100 ## - MAIN ENTRY--PERSONAL NAME
9 (RLIN) 663
Personal name Harris, Cyril M.
245 00 - TITLE STATEMENT
Title Harris' shock and vibration handbook /
Statement of responsibility, etc. Cyril M. Harris, editor; Allan G. Piersol, editor.
250 ## - EDITION STATEMENT
Edition statement 5th ed.
260 ## - PUBLICATION, DISTRIBUTION, ETC.
Place of publication, distribution, etc. New York :
Name of publisher, distributor, etc. McGraw-Hill,
Date of publication, distribution, etc. c2002.
300 ## - PHYSICAL DESCRIPTION
Extent 1 v. (various pagings) :
Other physical details ill. ;
Dimensions 24 cm.
490 0# - SERIES STATEMENT
Series statement McGraw-Hill handbooks
500 ## - GENERAL NOTE
General note Includes Index http://www.amazon.com/Harris-Shock-Vibration-Handbook-Cyril/dp/0071370811/ref=sr_1_1?s=books&ie=UTF8&qid=1413451485&sr=1-1&keywords=0071370811
650 #0 - SUBJECT ADDED ENTRY--TOPICAL TERM
Topical term or geographic name entry element Vibration
Form subdivision Handbooks, manuals, etc.
General subdivision ME
650 #0 - SUBJECT ADDED ENTRY--TOPICAL TERM
Topical term or geographic name entry element Shock (Mechanics)
Form subdivision Handbooks, manuals, etc.
700 1# - ADDED ENTRY--PERSONAL NAME
Personal name Harris, Cyril M.,
Dates associated with a name 1917-2011.
700 1# - ADDED ENTRY--PERSONAL NAME
Personal name Piersol, Allan G.
856 42 - ELECTRONIC LOCATION AND ACCESS
Materials specified Publisher description
Uniform Resource Identifier <a href="http://www.loc.gov/catdir/description/mh021/2001044228.html">http://www.loc.gov/catdir/description/mh021/2001044228.html</a>
856 41 - ELECTRONIC LOCATION AND ACCESS
Materials specified Table of contents
Uniform Resource Identifier <a href="http://www.loc.gov/catdir/toc/mh021/2001044228.html">http://www.loc.gov/catdir/toc/mh021/2001044228.html</a>
856 42 - ELECTRONIC LOCATION AND ACCESS
Materials specified Contributor biographical information
Uniform Resource Identifier <a href="http://www.loc.gov/catdir/enhancements/fy0704/2001044228-b.html">http://www.loc.gov/catdir/enhancements/fy0704/2001044228-b.html</a>
906 ## - LOCAL DATA ELEMENT F, LDF (RLIN)
a 7
b cbc
c orignew
d 1
e ocip
f 20
g y-gencatlg
942 ## - ADDED ENTRY ELEMENTS (KOHA)
Source of classification or shelving scheme
Koha item type Book
Holdings
Withdrawn status Lost status Source of classification or shelving scheme Damaged status Not for loan Permanent Location Current Location Shelving location Date acquired Source of acquisition Cost, normal purchase price Total Checkouts Full call number Barcode Date last seen Date last checked out Cost, replacement price Price effective from Koha item type
          Pakistan Navy Engineering College (PNEC) Pakistan Navy Engineering College (PNEC) Reference 05/08/2007 Paramount Publishing Enterprises 11196.00 1 620.3 HAR PNECLIB-028573 01/15/2016 01/15/2016 11196.00 05/08/2007 Book
© 2023 Central Library, National University of Sciences and Technology. All Rights Reserved.